Lviv

Titel: Lviv : city plan
Maßstab: 1:13 000
Veröffentlicht: Kyiv : Mission Ukraine-Cognita, © 2003
Umfang: 1 Karte : farbig ; 28 x 27 cm, auf Blatt 42 x 30 cm, gefaltet 21 x 10 cm
Format: Karte
Sprache: Englisch
Schlagworte:
Kein Bild verfügbar
X
alg: 54295341
001A    $03004:16-03-26 
001B    $03004:16-03-26 $t14:16:52.000 
001D    $03004:16-03-26 
001U    $0utf8 
001X    $00 
002@    $0Kau 
002C    $akartografisches Bild $bcri $2rdacontent 
002D    $aohne Hilfsmittel zu benutzen $bn $2rdamedia 
002E    $aBlatt $bnb $2rdacarrier 
003@    $0542953412 
010@    $aeng 
010E    $erda 
011@    $a2003 $n© 2003 
013D    $RKarte $#Stadtplan $#Ortsplan $#Stadtatlas $#Stadtpläne $74129845-7 $8Stadtplan [Ts1] $9085456683 
021A    $aLviv $dcity plan 
033A    $pKyiv $nMission Ukraine-Cognita 
034D    $a1 Karte 
034I    $a28 x 27 cm, auf Blatt 42 x 30 cm, gefaltet 21 x 10 cm 
034M    $afarbig 
035E    $a1:13 000 
037A    $aMit touristischen Informationen und Illustration 
044K    $#Lemberg $#Львів $#Leontopolis $#Leopolis $#Leopoli $#Léopol $#Lwów $#Lwow $#L'vov $#Lwiw $#L'viv $#Lʹviv vor 1919 $#Lviv $#Lvovas $74035304-7 $8Lemberg [Tg1] $9085095230 
044K    $RReise $RTourismusforschung $RReiseverkehr $#Tourism $#Tourisme $#tourism $#Tourismus $#Tourismus $#Tourismus $#Touristik Fremdenverkehr $#Fremdenverkehr $74018406-7 $8Tourismus [Ts1] $9085043508 
045F    $a910.9477090511 $eDDC23BSB 
045F/01 $a910 
045F/03 $f090511 
045F/03 $g477 
045R    $aGeschichte 2003 

lok: 54295341 24

exp: 54295341 24 1 #EPN
201B/01 $016-03-26 $t14:16:30.000 
201C/01 $016-03-26 
201U/01 $0utf8 
203@/01 $0133758228X 
208@/01 $a16-03-26 $bz 
209A/01 $aK 37 VIII L 13 $dd $f050 $hK 37 8 L 13 $x00 
209C/01 $aK 2026.00076 K $h26 00076 K 
220C/01 $awei 
247C/01 $8358050-7 Marburg, Bibliothek des Herder-Instituts Marburg $9102600961
LEADER 00000cem a2200000 c 4500
001 542953412
003 DE-603
005 20260316141652.0
007 a|||||||
008 260316s2003 xx |||||| a || | ||eng c
035 |a (DE-599)HEB542953412 
040 |a DE-603  |b ger  |c DE-603  |d DE-603  |e rda 
041 |a eng 
082 0 4 |8 1\u  |a 910.9477090511  |q DE-101  |2 23/BSB 
085 |8 1\u  |b 910 
085 |8 1\u  |z 1  |s 090511 
085 |8 1\u  |z 2  |s 477 
245 0 0 |a Lviv  |b city plan 
255 |a 1:13 000 
264 1 |a Kyiv  |b Mission Ukraine-Cognita  |c © 2003 
300 |a 1 Karte  |b farbig  |c 28 x 27 cm, auf Blatt 42 x 30 cm, gefaltet 21 x 10 cm 
336 |a kartografisches Bild  |b cri  |2 rdacontent 
337 |a ohne Hilfsmittel zu benutzen  |b n  |2 rdamedia 
338 |a Blatt  |b nb  |2 rdacarrier 
500 |a Mit touristischen Informationen und Illustration 
648 7 |a Geschichte 2003  |2 gnd 
650 7 |a Tourismus  |0 (DE-588)4018406-7  |0 (DE-603)085043508  |2 gnd 
651 7 |a Lemberg  |0 (DE-588)4035304-7  |0 (DE-603)085095230  |2 gnd 
655 7 |a Stadtplan  |2 gnd-content  |0 (DE-588)4129845-7  |0 (DE-603)085456683 
924 0 |9 Mb 50  |a (DE-603)133758228X  |b DE-Mb50  |c HES  |d d  |g K 37 VIII L 13